000
00330nam a2200157Ia 4500
100
_a
Johnson/ Rossall J
250
_a
2
942
_c
BK
654
_a
executive decisions
245
_a
Executive Decisions
260
_b
South West Pub
_c
1970
082
_a
658.403
_b
JOH
300
_a
627
546
_a
ENGLISH
999
_c
33021
_d
33021